| 000 | 01611nam a2200277 i 4500 | ||
|---|---|---|---|
| 003 | DO-SdBNP | ||
| 005 | 20250529143749.0 | ||
| 007 | ta | ||
| 008 | 250529b2024 dr ||||| |||| 00| 0 spa d | ||
| 020 | _a9789945649314 | ||
| 040 |
_aDO-SdBNP _bspa _cBNPHU _erda |
||
| 082 |
_axxx _bH562 _222 |
||
| 100 | 1 |
_aHerots, John _eautor _4aut. _987581 |
|
| 245 | 1 | 0 |
_aManifiesta tu perra divina / _cJohn Herots |
| 264 |
_aSanto Domingo : _bImpreso Printbarato, _c2024. |
||
| 300 |
_a201 páginas ; _c22 cm. |
||
| 336 |
_atexto _btxt _2rdacontent |
||
| 337 |
_asin mediación _bn _2rdamedia |
||
| 338 |
_avolumen _bnc _2rdacarrier |
||
| 500 | _aLibro en pasta dura. | ||
| 520 | _aEsta obra esencial ofrece una guía paso a paso hacia la transformación personal. Basado en una investigación exhaustiva y experiencias reales, el libro proporciona herramientas prácticas para que las mujeres exploren su sexualidad de manera íntima y significativa. Cada página ofrece una invitación a un viaje de descubrimiento personal, revelando secretos sobre la anatomía, la salud sexual y el poder del deseo femenino. Similar a cómo una novela puede desdibujar la línea entre la verdad y la ficción, este libro desafía las convenciones sociales y abre nuevas perspectivas sobre la sexualidad. Las lectoras encontrarán no solo conocimiento, sino también la promesa de una transformación íntima y poderosa. Es el momento de dejar atrás el silencio y reclamar una vida sexual plena y satisfactoria. | ||
| 521 | _aFormación adultos. | ||
| 590 | _aInventariado, 2025/ YL | ||
| 910 | _aYLockward | ||
| 942 |
_2ddc _cLBS1 |
||
| 999 |
_c58867 _d58867 |
||